000 00611nam a2200229Ia 4500
003 OSt
005 20220928140613.0
006 a|||||r|||| 00| 0
007 ta
008 220927b |||||||| |||| 00| 0 eng d
024 _a9853
037 _cTextual
040 _aSDCL
_cSDCL
_beng
041 _2eng
_aeng
082 _aO-,3M:g(Y), L3
100 _aButt J Ed.
_9496180
245 0 _aVictorians and social protest
_b A symposium.
260 _c1973
700 _a Clarke I F Ed.
_9496181
942 _hO-,3M:g(Y), L3
_cTEXL
_2CC
999 _c812460
_d812460